Blahušiaková, M.: Účtovná závierka mikro účtovnej jednotky
Recenzia na publikáciu Blahušiaková, M.: Účtovná závierka mikro účtovnej jednotky zaoberjaúca sa komplexnou komparatívnou analýzou vplyvu transpozície smernice o účtovných závierkach do účtovnej legislatívy v Slovenskej republike, s akcentom na účtovnú závierku mikro účtovných jednotiek.
Guardado en:
| Autor principal: | |
|---|---|
| Formato: | Capítulo de libro |
| Lenguaje: | eslovaco |
| Materias: | |
| Etiquetas: |
Sin Etiquetas, Sea el primero en etiquetar este registro!
|
MARC
| LEADER | 00000naa a2200000 4500 | ||
|---|---|---|---|
| 001 | 0280558 | ||
| 005 | 20240502074344.5 | ||
| 041 | 0 | |a slo | |
| 044 | |a SK | ||
| 245 | 1 | 0 | |a Blahušiaková, M.: Účtovná závierka mikro účtovnej jednotky |c Lucia Ondrušová |
| 520 | |a Recenzia na publikáciu Blahušiaková, M.: Účtovná závierka mikro účtovnej jednotky zaoberjaúca sa komplexnou komparatívnou analýzou vplyvu transpozície smernice o účtovných závierkach do účtovnej legislatívy v Slovenskej republike, s akcentom na účtovnú závierku mikro účtovných jednotiek. | ||
| 610 | 2 | 0 | |a závierka účtovná |
| 610 | 2 | 0 | |a legislatíva |
| 610 | 2 | 0 | |a účtovníctvo |
| 610 | 2 | 0 | |a jednotka účtovná |
| 100 | 1 | |a Ondrušová, Lucia, 1981- | |